• 首页
  • 本馆介绍
  • 公告通知
  • 最新文献
  • 馆藏检索
  • 电子资源
  • 读者导购
  • 参考咨询
  • 我的图书馆
  • 登录
  • 详细信息显示
  • 放入我的书架
  • 预约/预借图书
  • 作者相关作品
  • 分类相关作品
  • 丛书相关作品
  • 出版社相关作品

书目信息

  • 表格格式
  • 工作单格式
  • 卡片格式
题名:
毛泽东对新中国的历史贡献
    
 
作者: 李捷 著
分册:  
出版信息: 北京   社会科学文献出版社  2015.6
页数: 373页
开本: 22cm
丛书名:
单 册:
中图分类: A755 , A84
科图分类:
主题词: 毛泽东思想--mao ze dong si xiang--研究 , 研究--yan jiu
电子资源:
ISBN: 978-7-5097-7208-9
000 01266nam0 22002651 450
001 0109172523
005 20170309172523.0
010    @a978-7-5097-7208-9@b精装@dCNY59.00
100    @a20150730d2015 em y0chiy50 ea
101 0  @achi
102    @aCN@b110000
105    @ay z 000yd
106    @ar
200 1  @a毛泽东对新中国的历史贡献@9mao ze dong dui xin zhong guo de li shi gong xian@e典藏版@f李捷著
210    @a北京@c社会科学文献出版社@d2015.6
215    @a373页@d22cm
330    @a本书作者从马克思主义发展、科学社会主义的发展、民族复兴、文明发展、世界文明发展五大坐标和创建中华人民共和国、确立社会主义基本制度、进行社会主义建设和适合中国国情的社会主义道路的探索三件大事论证了毛泽东的历史地位和伟大贡献;论述了毛泽东对社会主义建设规律不断探索继续推向前进的实践,形成了许多重要理论成果;揭示了毛泽东在历史关键时刻作出抗美援朝、加强国防现代化和搞“两弹一星”、推动中美关系正常化等重大决策,同时也没有回避“文化大革命”这一重大历史问题,用事实和理论分析,得到令人信服的回答。
600  0 @a毛泽东@Amao ze dong@f(1893-1976)@x人物研究
606 0  @a毛泽东思想@9mao ze dong si xiang@x研究
606 0  @a研究@9yan jiu
690    @aA755@v5
690    @aA84@v5
701  0 @a李捷@9li jie@4著
801  0 @aCN@bTANGWEI@c20170308
905    @b0954267-9@dA755@e230@f3
    
    毛泽东对新中国的历史贡献:典藏版/李捷著.-北京:社会科学文献出版社,2015.6
    373页;22cm
    
    
    ISBN 978-7-5097-7208-9(精装):CNY59.00
    本书作者从马克思主义发展、科学社会主义的发展、民族复兴、文明发展、世界文明发展五大坐标和创建中华人民共和国、确立社会主义基本制度、进行社会主义建设和适合中国国情的社会主义道路的探索三件大事论证了毛泽东的历史地位和伟大贡献;论述了毛泽东对社会主义建设规律不断探索继续推向前进的实践,形成了许多重要理论成果;揭示了毛泽东在历史关键时刻作出抗美援朝、加强国防现代化和搞“两弹一星”、推动中美关系正常化等重大决策,同时也没有回避“文化大革命”这一重大历史问题,用事实和理论分析,得到令人信服的回答。
●
相关链接 在E读中查询图书 在五车中查询图书 在当当中查询图书 在豆瓣中查询图书


正题名:毛泽东对新中国的历史贡献     索取号:A755/230         预约/预借

序号 登录号 条形码 馆藏地/架位号 状态 备注
1 0954267   209542672   第一样本阅览室/ [索取号:A755/230] 在馆    
2 0954268   209542681   第一借阅区/ [索取号:A755/230] 在馆    
3 0954269   209542690   密集书库-史法系/ [索取号:A755/230] 在馆    
唐山师范学院图书馆 欢迎您!
大连网信软件有限公司© 版权所有